00575nam a22001817a 450000500170000001000150001702000260003203500130005803700180007108200060008910000280009524501250012326000390024827000460028730000200033370000240035370000160037720150915125228.0 aENG-113940 c400.00a9789350450680 aEN-97472 bDBAD/PUBadpl aS aDaniels, Michael Chacko aThe mendonca mystery and other stories /cby Michael Chacko Daniels ; illustrated by Krittika Ramanujan [and] Aaron Bass aCalcutta bWriters Workshop c2014 a162/92, Lake Gardens, bCalcutta e700045 a209p.c22cm(Hb) aRamanujan, Krittika aBass, Aaron